The complete golf manual / (Record no. 45352)

MARC details
000 -LEADER
fixed length control field 00664nam a22001934a 4500
005 - DATE AND TIME OF LATEST TRANSACTION
control field 20100913121344.0
020 ## - INTERNATIONAL STANDARD BOOK NUMBER
International Standard Book Number 9781405355230
Terms of availability 899.00
037 ## - SOURCE OF ACQUISITION
Source of stock number/acquisition Pansy Books
082 00 - DEWEY DECIMAL CLASSIFICATION NUMBER
Classification number 796.352
100 ## - MAIN ENTRY--PERSONAL NAME
Personal name Newell, Steve
245 10 - TITLE STATEMENT
Title The complete golf manual /
Statement of responsibility, etc by Steve Newell
260 ## - PUBLICATION, DISTRIBUTION, ETC. (IMPRINT)
Name of publisher, distributor, etc Dorling Kindersley
Date of publication, distribution, etc 2010
Place of publication, distribution, etc London
270 ## - ADDRESS
Address 80 Strand
City London
300 ## - PHYSICAL DESCRIPTION
Extent 352p.
Other physical details photos
Dimensions 25cm(Hb)
500 ## - GENERAL NOTE
General note Includes glossary and index
942 ## - ADDED ENTRY ELEMENTS (KOHA)
Source of classification or shelving scheme Dewey Decimal Classification
Item type English Books
Classification part 796.352
Call number suffix NEW
Holdings
Withdrawn status Lost status Not for loan Collection code Home library Current library Date acquired Cost, normal purchase price Full call number Copy number Cost, replacement price Koha item type
    Ordered Non-fiction Andrews Gunj Andrews Gunj 13/09/2010 899.00 796.352 NEW 1 899.00 English Books

© Delhi Public Library
Hit Counter
free hit counter